000 00845nam a2200265 a 4500
999 _c1001
_d1001
001 1001
003 BD-JhCC
005 20171016164322.0
008 171012s2011 bg a|||| ||a| 000 0 ben d
020 _a9789848765777
035 _a(BD-JhCC)1001
040 _aBD-JhCC
_dBD-JhCC
041 _aben
082 _a861.64
_bNER 2011
100 _aনেরুদা, পাবলো
245 _aঅনুস্মৃতি /
_cপাবলো, নেরুদা; ভবানীপ্রসাদ দত্ত (অনু.)
260 _aঢাকা :
_bপ্রথমা প্রকাশন ;
_c2011
300 _a415 p.;
_c22 cm.
504 _aIncludes Bibliography
600 _aNeruda, Pablo, 1904-1973
650 _aMemorias
700 _aদত্ত, ভবানীপ্রসাদ
942 _2ddc
_cBK